El Caso de Guatemala

Shranjeno v:
Bibliografske podrobnosti
Glavni avtor: González, Mario
Format: Texto
Izdano: Guatemala: CSUCA
Oznake: Označite
Brez oznak, prvi označite!

MARC

LEADER 00000 a a2200000 04500
001 22444
003
040
090 |a 151900  
100 |a González, Mario  
245 |a El Caso de Guatemala  
260 |a Guatemala:   |b CSUCA  
300 |a p. irreg.   |b **no definido**  
999 |c 6708  |d 6708